[Event "Internet Section 06B g/8'+2\""]
[Site "Dos Hermanas"]
[Date "2004.03.06"]
[Round "7"]
[White "Alonso, Raphael VP Patricio"]
[Black "Piven, Igor"]
[Result "1-0"]
[WhiteElo "2100"]
[BlackElo "2337"]
[PlyCount "113"]
[EventDate "2004.03.06"]
[EventType "swiss (blitz)"]
[EventRounds "9"]
[EventCountry "ESP"]
[SourceTitle "CBM 099 Extra"]
[Source "ChessBase"]
[SourceDate "2004.05.04"]
[SourceVersion "1"]
[SourceVersionDate "2004.05.04"]
[SourceQuality "1"]

1. e4 c5 2. Nf3 g6 3. d4 cxd4 4. Nxd4 Bg7 5. Nc3 Nc6 6. Be3 Nf6 7. Bc4 0-0 8. Bb3 d6 9. f3 Nd7 10. Qd2 Nb6 11. h4 Na5 12. Qe2 Nxb3 13. axb3 e5 14. Ndb5 a6 15. Na3 Be6 16. 0-0-0 Rc8 17. h5 Qc7 18. Qf2 Nd7 19. Qh4 Bf6 20. Bg5 Bxg5+ 21. Qxg5 f6 22. Qd2 Nc5 23. hxg6 hxg6 24. Qxd6 Qa5 25. Rh6 Rfd8 26. Qe7 Rxd1+ 27. Kxd1 Qd8+ 28. Qxd8+ Rxd8+ 29. Kc1 Kg7 30. Rh1 b5 31. b4 Nb7 32. Rd1 Rh8 33. Nd5 Kf7 34. Nc7 Rh2 35. Nxa6 Rxg2 36. Nxb5 Rf2 37. Nc5 Nxc5 38. bxc5 Rxf3 39. c6 g5 40. c7 g4 41. Nd6+ Kg6 42. c8Q Bxc8 43. Nxc8 g3 44. Rg1 Kg5 45. b4 Kf4 46. Nd6 Ke3 47. Rxg3 Rxg3 48. Nf5+ Kxe4 49. Nxg3+ Kf3 50. Nf5 Kf4 51. b5 Kxf5 52. b6 Kf4 53. b7 e4 54. b8Q+ Kf3 55. Qf8 f5 56. Qxf5+ Ke3 57. c4 1-0

[Event "Internet Section 18-A"]
[Site "Dos Hermanas"]
[Date "2003.03.18"]
[Round "1"]
[White "Piven, Igor"]
[Black "Reyes Barragan, Manuel Alejandro"]
[Result "1-0"]
[WhiteElo "2337"]
[BlackElo "2099"]
[PlyCount "37"]
[EventDate "2003.03.18"]
[EventType "swiss (blitz)"]
[EventRounds "9"]
[EventCountry "ESP"]
[SourceTitle "EXT 2004"]
[Source "ChessBase"]
[SourceDate "2003.11.25"]
[SourceVersion "1"]
[SourceVersionDate "2003.11.25"]
[SourceQuality "1"]

1. e4 e5 2. Nf3 Nc6 3. Bb5 a6 4. Bxc6 dxc6 5. Nc3 Bg4 6. h3 Bxf3 7. Qxf3 Qf6 8. Qg3 Bd6 9. 0-0 Qg6 10. Qxg6 hxg6 11. d3 0-0-0 12. f4 f6 13. Be3 g5 14. fxg5 Rf8 15. Rf3 Ne7 16. Raf1 Ng6 17. gxf6 Nh4 18. fxg7 Nxf3+ 19. Rxf3 1-0

[Event "Internet Section 15-B"]
[Site "Dos Hermanas"]
[Date "2003.03.15"]
[Round "7"]
[White "Ricardi, Pablo"]
[Black "Piven, Igor"]
[Result "1-0"]
[WhiteElo "2532"]
[BlackElo "2337"]
[PlyCount "65"]
[EventDate "2003.03.15"]
[EventType "swiss (blitz)"]
[EventRounds "9"]
[EventCountry "ESP"]
[SourceTitle "EXT 2004"]
[Source "ChessBase"]
[SourceDate "2003.11.25"]
[SourceVersion "1"]
[SourceVersionDate "2003.11.25"]
[SourceQuality "1"]

1. e4 Nf6 2. e5 Nd5 3. d4 d6 4. Nf3 Bg4 5. Be2 Nc6 6. exd6 exd6 7. 0-0 Be7 8. c3 0-0 9. Re1 Re8 10. Nbd2 Bf8 11. Nf1 Bh5 12. Ng3 Bg6 13. Bd2 h6 14. Qb3 Nb6 15. a4 a5 16. Bb5 Re7 17. Be3 Na7 18. Bf1 Qd7 19. Nh4 Bh7 20. c4 Rb8 21. d5 Nbc8 22. Bd3 Bxd3 23. Qxd3 g6 24. h3 Bg7 25. Bd4 Nb6 26. Nxg6 fxg6 27. Qxg6 Rxe1+ 28. Rxe1 Qf7 29. Qg4 Kh7 30. Nf5 Bf8 31. Re6 Re8 32. Nxh6 Rxe6 33. Nxf7 1-0

[Event "Schwarzach op-A"]
[Site "Schwarzach"]
[Date "1999.??.??"]
[Round "1"]
[White "Kerschenbauer, Franz"]
[Black "Piven, Igor"]
[Result "0-1"]
[WhiteElo "2070"]
[BlackElo "2385"]
[PlyCount "60"]
[EventDate "1999.08.??"]
[EventType "swiss"]
[EventRounds "9"]
[EventCountry "AUT"]
[SourceTitle "EXT 2000"]
[Source "ChessBase"]
[SourceDate "1999.11.16"]
[SourceVersion "1"]
[SourceVersionDate "1999.11.16"]
[SourceQuality "1"]

1. g3 g6 2. Bg2 Bg7 3. d3 d5 4. e3 e5 5. Nd2 Ne7 6. Ne2 0-0 7. b3 Nbc6 8. Bb2 Be6 9. h3 Qd7 10. a3 a5 11. Qc1 h6 12. e4 Rad8 13. f4 f5 14. exd5 Bxd5 15. Nf3 e4 16. dxe4 fxe4 17. Nh4 e3 18. Bxg7 Bxg2 19. Nxg2 Kxg7 20. Nxe3 Qe6 21. 0-0 Qxh3 22. Rf2 Qe6 23. g4 Kh7 24. Ng3 Nd5 25. Nxd5 Qxg4 26. Rg2 Rxd5 27. c4 Rd3 28. Ne2 Qf5 29. Qc2 Rfd8 30. Kf2 Rf3+ 0-1

[Event "Schwarzach op-A"]
[Site "Schwarzach"]
[Date "1999.??.??"]
[Round "2"]
[White "Piven, Igor"]
[Black "Callier, Christophe"]
[Result "1-0"]
[WhiteElo "2385"]
[BlackElo "2165"]
[PlyCount "91"]
[EventDate "1999.08.??"]
[EventType "swiss"]
[EventRounds "9"]
[EventCountry "AUT"]
[SourceTitle "EXT 2000"]
[Source "ChessBase"]
[SourceDate "1999.11.16"]
[SourceVersion "1"]
[SourceVersionDate "1999.11.16"]
[SourceQuality "1"]

1. d4 Nf6 2. Nf3 g6 3. c4 Bg7 4. g3 0-0 5. Bg2 d6 6. 0-0 Nbd7 7. Nc3 e5 8. e4 c6 9. h3 Qb6 10. d5 Nc5 11. Ne1 cxd5 12. cxd5 Bd7 13. Nd3 Nxd3 14. Qxd3 Rfc8 15. Qe2 a5 16. Be3 Qa6 17. Qxa6 Rxa6 18. Rfc1 a4 19. Bf1 Raa8 20. Kg2 Bf8 21. Bd3 Kg7 22. Rc2 Be7 23. Rac1 Bd8 24. f3 Ne8 25. Nb5 Rxc2+ 26. Rxc2 Rc8 27. Rxc8 Bxc8 28. Bc2 Bd7 29. Bxa4 Nc7 30. Nc3 b5 31. Bc2 b4 32. Nb1 Na6 33. Nd2 Bb5 34. Bb3 Nc5 35. Bc4 Bd7 36. Bf1 Bc7 37. Nc4 Bb5 38. Nxe5 Bxf1+ 39. Kxf1 Nxe4 40. fxe4 dxe5 41. Bc5 Ba5 42. Bd6 f6 43. Ke2 Kf7 44. g4 Ke8 45. Kd3 Kd7 46. Bc5 1-0

[Event "Schwarzach op-A"]
[Site "Schwarzach"]
[Date "1999.??.??"]
[Round "7"]
[White "Piven, Igor"]
[Black "Hanko, Pavol"]
[Result "1/2-1/2"]
[WhiteElo "2385"]
[BlackElo "2265"]
[PlyCount "88"]
[EventDate "1999.08.??"]
[EventType "swiss"]
[EventRounds "9"]
[EventCountry "AUT"]
[SourceTitle "EXT 2000"]
[Source "ChessBase"]
[SourceDate "1999.11.16"]
[SourceVersion "1"]
[SourceVersionDate "1999.11.16"]
[SourceQuality "1"]

1. d4 Nf6 2. Nf3 g6 3. c4 Bg7 4. Nc3 0-0 5. Bf4 d6 6. e3 Nbd7 7. h3 Re8 8. Be2 Nf8 9. Qc2 c6 10. e4 Nh5 11. Bg5 Ne6 12. Be3 Nef4 13. Bf1 e5 14. 0-0-0 Qa5 15. Nd2 f5 16. Nb3 Qc7 17. dxe5 dxe5 18. g3 Ne6 19. exf5 Nd4 20. Bxd4 Bxf5 21. Bd3 exd4 22. Ne4 a5 23. a3 a4 24. Nbd2 c5 25. Ng5 Bxd3 26. Qxd3 b5 27. Rhe1 b4 28. Qf3 Nf6 29. Re6 Rxe6 30. Nxe6 Qc8 31. Re1 Ra7 32. Nf4 bxa3 33. bxa3 Qd8 34. Qc6 Re7 35. Ne4 Nxe4 36. Rxe4 Rxe4 37. Qxe4 Bh6 38. Kc2 Bxf4 39. Qxf4 Qe7 40. Kd3 Kg7 41. g4 h6 42. Qf3 Qe5 43. Qb7+ Kf6 44. Qb6+ Kg5 1/2-1/2

[Event "Neckar op 1st"]
[Site "Deizisau"]
[Date "1997.??.??"]
[Round "1"]
[White "Bublitz, Egbert"]
[Black "Piven, Igor"]
[Result "0-1"]
[WhiteElo "1840"]
[BlackElo "2345"]
[PlyCount "60"]
[EventDate "1997.??.??"]
[EventType "swiss"]
[EventRounds "9"]
[EventCountry "GER"]
[SourceTitle "EXT 1999"]
[Source "ChessBase"]
[SourceDate "1998.11.16"]
[SourceVersion "1"]
[SourceVersionDate "1998.11.16"]
[SourceQuality "1"]

1. e4 c5 2. Nc3 Nc6 3. Nf3 g6 4. d3 Bg7 5. Be2 Nf6 6. Rb1 0-0 7. 0-0 d5 8. exd5 Nxd5 9. Ne4 b6 10. a3 a5 11. c3 h6 12. Qa4 Bd7 13. Qb3 e6 14. Bd2 a4 15. Qc2 Qc7 16. Rbc1 Kh7 17. c4 Nde7 18. h4 Nf5 19. g4 Nfd4 20. Bd1 Nxf3+ 21. Bxf3 Nd4 22. Bd1 f5 23. Ng3 Bc6 24. f4 Bf6 25. h5 Rg8 26. Kh2 g5 27. Kh3 Raf8 28. Be3 Qg7 29. Qd2 gxf4 30. Bxd4 fxg4+ 0-1

[Event "Zillertal op"]
[Site "Zillertal"]
[Date "1997.??.??"]
[Round "5"]
[White "Lanka, Zigurds"]
[Black "Piven, Igor"]
[Result "1/2-1/2"]
[WhiteElo "2575"]
[BlackElo "2345"]
[PlyCount "111"]
[EventDate "1997.??.??"]
[EventType "swiss"]
[EventRounds "9"]
[EventCountry "AUT"]
[SourceTitle "EXT 1999"]
[Source "ChessBase"]
[SourceDate "1998.11.16"]
[SourceVersion "1"]
[SourceVersionDate "1998.11.16"]
[SourceQuality "1"]

1. e4 c5 2. Nf3 g6 3. d4 cxd4 4. Nxd4 Nc6 5. Nc3 Bg7 6. Be3 Nf6 7. Bc4 Qa5 8. 0-0 0-0 9. Bb3 d6 10. h3 Bd7 11. Re1 Rfc8 12. Qd3 Ne5 13. Qe2 b5 14. Rad1 Nc4 15. Bxc4 Rxc4 16. a3 a6 17. Nd5 Nxd5 18. exd5 Re8 19. c3 Qc7 20. Nb3 Qd8 21. f3 Qa8 22. Qf2 a5 23. Bb6 Ra4 24. Nc1 b4 25. axb4 axb4 26. b3 Ra1 27. c4 Rb1 28. Bd4 Bxd4 29. Qxd4 Qa1 30. Ne2 Qxd4+ 31. Nxd4 Rxd1 32. Rxd1 Ra8 33. Nc2 Kf8 34. g4 h5 35. Ra1 Rb8 36. Ra7 Ke8 37. Kf2 hxg4 38. hxg4 e6 39. Ne3 e5 40. g5 Bc8 41. Kg3 Bf5 42. f4 exf4+ 43. Kxf4 Bd3 44. Ng4 Bc2 45. c5 dxc5 46. Nf6+ Kd8 47. d6 Bxb3 48. Re7 Ba4 49. Rxf7 Kc8 50. Ne4 Rb5 51. Ra7 Bb3 52. Rc7+ Kd8 53. Nxc5 Bd5 54. Rd7+ Kc8 55. Rc7+ Kd8 56. Rd7+ 1/2-1/2

[Event "Neckar op 1st"]
[Site "Deizisau"]
[Date "1997.??.??"]
[Round "7"]
[White "Piven, Igor"]
[Black "Koch, Hans Juergen"]
[Result "1/2-1/2"]
[WhiteElo "2345"]
[BlackElo "2075"]
[PlyCount "94"]
[EventDate "1997.??.??"]
[EventType "swiss"]
[EventRounds "9"]
[EventCountry "GER"]
[SourceTitle "EXT 1999"]
[Source "ChessBase"]
[SourceDate "1998.11.16"]
[SourceVersion "1"]
[SourceVersionDate "1998.11.16"]
[SourceQuality "1"]

1. c4 c5 2. Nf3 Nf6 3. Nc3 Nc6 4. d4 cxd4 5. Nxd4 g6 6. e4 d6 7. Be2 Bg7 8. Be3 0-0 9. 0-0 Nd7 10. Rc1 Nc5 11. Qd2 f5 12. exf5 gxf5 13. f4 Ne6 14. Nxe6 Bxe6 15. b3 Kh8 16. Bf3 Rc8 17. Rfe1 Bg8 18. Rcd1 Qa5 19. Nb5 Qxd2 20. Rxd2 a6 21. Nd4 Nd8 22. Red1 Rb8 23. Rc2 h6 24. c5 e5 25. c6 exd4 26. c7 Rc8 27. cxd8Q Rfxd8 28. Rxc8 Rxc8 29. Bxd4 Bxd4+ 30. Rxd4 d5 31. Rd2 Kg7 32. Kf2 a5 33. Ke3 Kf6 34. Kd3 b5 35. Rc2 Rxc2 36. Kxc2 b4 37. Kd3 Ke6 38. Kd4 Kd6 39. h3 Bf7 40. g4 fxg4 41. hxg4 Bg6 42. Bxd5 Bb1 43. g5 hxg5 44. fxg5 Ke7 45. Kc5 Kf8 46. Kb5 Kg7 47. Kxa5 Bxa2 1/2-1/2

[Event "Neckar op 1st"]
[Site "Deizisau"]
[Date "1997.??.??"]
[Round "9"]
[White "Piven, Igor"]
[Black "Riedel, Holger"]
[Result "1/2-1/2"]
[WhiteElo "2345"]
[BlackElo "2180"]
[PlyCount "118"]
[EventDate "1997.??.??"]
[EventType "swiss"]
[EventRounds "9"]
[EventCountry "GER"]
[SourceTitle "EXT 1999"]
[Source "ChessBase"]
[SourceDate "1998.11.16"]
[SourceVersion "1"]
[SourceVersionDate "1998.11.16"]
[SourceQuality "1"]

1. c4 f5 2. d4 Nf6 3. g3 g6 4. Bg2 Bg7 5. Nh3 0-0 6. Nf4 d6 7. d5 c5 8. Nc3 Na6 9. h4 Nc7 10. Qc2 b5 11. cxb5 a6 12. bxa6 Nxa6 13. 0-0 c4 14. Rd1 Nb4 15. Qb1 Ng4 16. Bd2 Qb6 17. Rf1 Ra7 18. Nd1 Bd7 19. Bc3 Rb8 20. Bxg7 Kxg7 21. Nc3 Na6 22. Qd1 Qc5 23. Qd2 Rab7 24. Rab1 Nc7 25. e3 Ne5 26. Rfc1 Qa5 27. Nfe2 Nd3 28. Rc2 Kg8 29. Nd4 Nb4 30. e4 Nxc2 31. Qxc2 Qc5 32. Qd2 Rf8 33. exf5 Bxf5 34. Re1 Ne8 35. Nc6 Nf6 36. Nxe7+ Kh8 37. Nxf5 gxf5 38. Re2 Rg7 39. Kh1 Ng4 40. Qf4 Ne5 41. Ne4 Qxd5 42. Rd2 Qa5 43. Nxd6 Nd3 44. Nxc4 Nxf4 45. Nxa5 Nxg2 46. Kxg2 f4 47. a3 f3+ 48. Kh3 Re7 49. Nb3 Re2 50. g4 Rb8 51. Rd3 Rxf2 52. Nd4 Rbxb2 53. Nxf3 Ra2 54. Kg3 Rg2+ 55. Kf4 Rgc2 56. g5 Rc4+ 57. Kf5 Rb2 58. h5 Rb5+ 59. Ne5 Rc8 1/2-1/2

[Event "Zillertal op"]
[Site "Zillertal"]
[Date "1997.??.??"]
[Round "3"]
[White "Piven, Igor"]
[Black "Zak, Uriel"]
[Result "1/2-1/2"]
[WhiteElo "2345"]
[BlackElo "2350"]
[PlyCount "52"]
[EventDate "1997.??.??"]
[EventType "swiss"]
[EventRounds "9"]
[EventCountry "AUT"]
[SourceTitle "EXT 1999"]
[Source "ChessBase"]
[SourceDate "1998.11.16"]
[SourceVersion "1"]
[SourceVersionDate "1998.11.16"]
[SourceQuality "1"]

1. Nf3 Nf6 2. g3 d5 3. c4 dxc4 4. Qa4+ Nbd7 5. Qxc4 c5 6. Bg2 a6 7. Qb3 Ra7 8. 0-0 e6 9. d3 b6 10. Nfd2 Be7 11. a4 Bb7 12. Bxb7 Rxb7 13. Nc4 Nd5 14. Nc3 Nb4 15. Be3 0-0 16. Rfc1 Nc6 17. Qd1 f5 18. Qf1 Nde5 19. Nxe5 Nxe5 20. Nb1 Ng4 21. Bd2 Bd6 22. Qg2 Rbf7 23. f3 Be5 24. Nc3 Bd4+ 25. Kf1 Ne3+ 26. Bxe3 Bxe3 1/2-1/2